Tibet subdivision quiz - Statistics

General Stats
  • This quiz has been taken 21 times
  • The average score is 7 of 13
Answer Stats
Hint Answer % Correct
Capital city Lhasa
93%
India
87%
Countries which Tibet borders Nepal
87%
Bhutan
80%
Myanmar
80%
Type Tibet 10 times to complete the quiz TibetTibetTibetTibetTibetTibetTibetTibetTibetTibet
67%
Chinese subdivisions what Tibet borders Xinjiang
47%
Qinghai
27%
2nd largest city Shigatse
27%
Animal from Tibet similar to a llama Alpaca
20%
Sichuan
20%
Yunnan
20%
3rd largest city Gyantse
13%
No matching quizzes found
Score Distribution
Percent of People with Each Score
Percentile by Number Answered
Your Score History
You have not taken this quiz